[Event "Unterfranken-ch HB 62th"]
[Site "Gerolzhofen"]
[Date "2011.04.28"]
[Round "5"]
[White "Hutzler, Stefan"]
[Black "Mueller, Kai"]
[Result "0-1"]
[WhiteElo "1377"]
[BlackElo "1229"]
[PlyCount "62"]
[EventDate "2011.04.25"]
[EventType "swiss"]
[EventRounds "9"]
[EventCountry "GER"]
[SourceTitle "EXT 2015"]
[Source "ChessBase"]
[SourceDate "2014.11.20"]
[SourceVersion "1"]
[SourceVersionDate "2014.11.20"]
[SourceQuality "1"]

1. e4 c5 2. Nf3 d6 3. d4 cxd4 4. Nxd4 Nf6 5. Nc3 g6 6. Be2 Bg7 7. Be3 0-0 8. f3 Nc6 9. Qd2 Nxd4 10. Bxd4 Be6 11. 0-0-0 Qa5 12. Kb1 Rac8 13. a3 Bc4 14. g4 Bxe2 15. Qxe2 Rc6 16. h4 Rfc8 17. Qe3 a6 18. h5 Rc4 19. hxg6 fxg6 20. Rd2 b5 21. Bb6 Rxc3 22. bxc3 Qxa3 23. Rd3 Nd7 24. Bd4 Bxd4 25. Qxd4 Nc5 26. Re3 Na4 27. Qd5+ Kf8 28. Qb3 Nxc3+ 29. Rxc3 Rxc3 30. Qxa3 Rxa3 31. Rxh7 Rxf3 0-1